000 00467 a2200169 4500
005 20150417144503.0
008 130105t xxu||||| |||| 00| 0 eng d
020 _a9781849920414
080 _aF
_bHAD CL
100 _aHaddon, Mark
_922554
245 _aCurious incident of the dog in the night - time
260 _bDavid Fickling Books
_c2010
_aOxford
300 _a271p.
653 _aFiction - English Literature
653 _aChildren's fiction
942 _cCC
999 _c75550
_d75549